000 00343nam a2200145Ia 4500
008 220204s9999 xx 000 0 und d
082 _a591.8(084.4)
_bFRE
100 _aBracegirdug, Brian
245 0 _aAtlas of histology
250 _aEd.2
260 _aLondon
_bELBS
_c1966
650 _aHistology
700 _aFreeman, W H
942 _cBK
999 _c23777
_d23777